Countries that drive on the left - Sudden Death - Statistics

General Stats
  • This quiz has been taken 86 times
  • The average score is 8 of 12
Answers on the Grid
Answers color-coded by a green-red scale on the quiz's grid according to % correct below.
Malta
Ireland
Jamaica
Suriname
Japan
Pakistan
New Zealand
Indonesia
Botswana
Uganda
Thailand
Philippines
Venezuela
Sudan
Panama
Kuwait
Cambodia
Fiji
Madagascar
Bhutan
 
Answer Stats
Answer % Correct
New Zealand
92%
Pakistan
92%
Japan
77%
Indonesia
69%
Ireland
69%
Jamaica
69%
Bhutan
62%
Thailand
62%
Uganda
54%
Botswana
46%
Malta
46%
Suriname
31%
No matching quizzes found
Score Distribution
Percent of People with Each Score
Percentile by Number Answered
Your Score History
You have not taken this quiz